|
|
|
|
| LEADER |
00000nab a2200000 a 4500 |
| 001 |
vtls000610182 |
| 003 |
SK-MaSNL |
| 005 |
20260303205950.0 |
| 008 |
160401c1997 xo 0 slo |
| 015 |
|
|
|a SNBRB19rr/mm-uuuuu
|
| 035 |
|
|
|a CL0610321
|
| 040 |
|
|
|a SNKBUCL
|b slo
|c SNKBUCL
|e AACR2
|
| 041 |
0 |
|
|a slo
|
| 044 |
|
|
|a xo
|c SK
|
| 080 |
|
|
|a 654.179(437.6)
|2 1981
|
| 100 |
1 |
|
|a Kubiš, Igor
|4 aut
|9 924187
|
| 245 |
1 |
0 |
|a Televízii chceme vrátiť jej dobré meno a sledovanosť divákov
|b Dnes: Igor Kubiš, nový ústredný riaditeľ Slovenskej televízie
|c Igor Kubiš, Jarmila Malecová
|
| 300 |
|
|
|b Fotogr. 1
|
| 610 |
2 |
7 |
|a Slovenská televízia
|2 snkbucl
|9 115516
|
| 651 |
|
7 |
|a 5100
|2 snkbucl
|9 166206
|
| 655 |
|
7 |
|a články z novín a časopisov
|2 snkbucl
|9 267496
|
| 700 |
1 |
|
|a Malecová, Jarmila
|4 aut
|9 681050
|
| 773 |
0 |
|
|t Slovenská republika
|g Roč. 5, č. 6 (9. 1. 1997)
|
| 773 |
0 |
|
|t [Príl.] Slovensko do toho!
|g Roč. 3, č. 2 (1997), s. VI
|
| 850 |
|
|
|a Slovenská národná knižnica v Martine
|a MTA001
|
| 852 |
|
|
|a SNK
|b KIS3GCP
|
| 958 |
|
|
|a SK
|
| 958 |
|
|
|a RK
|
| 958 |
|
|
|a RBX
|
| 999 |
|
|
|c 2198037
|d 2199967
|